00482nam a2200181 a 4500001001300000003000900013005001700022008004100039020002300080082001500103100001600118245004500134260004600179300000900225500003500234650001500269700001600284nice12345678IN_TiNIC20260116015047.0080404s2006 noia grp 000 0 eng  a8172234597 c25000a294.3bDAL aDalai, Lama aAwakening the Mind, Lightening the Heart aNoida bHaraper Collins Publishers c2006 a238p aincludes index and biblioraphy aDalai Lama1 aDalai, Lama